00933 2200277 4500001002100000005001500021035002000036007000300056008004100059040001200100100005700112245018500169250002000354300003800374020001800412082001700430084001700447264003100464336002100495337003000516338002300546650002200569700003000591700002200621850001200643INLIS00000000069821620251024012032 a0010-1025000162ta251024 a 0 ind  aJIPUBAY aHeru KurniawanePengarangeHeru KurniawanePengarang1 aLancar baca tulis hitung siap masuk sd /cHeru Kurniawan; editor, Gina Rizki Septiani; ilustrator, Wheny; desainer cover, Bella Ansori dan Clara Ajeng; penata isi, Leli Choirunnisa aCetakan pertama a126 halaman :bilustrasi ;c21 cm a9786020530598 2[23]a372.41 a372.41 HER l aJakarta :bGrasindo,c2024 2rdacontentateks 2rdamediaatanpa perantara 2rdacarrieravolume 4aMenulis- behitung0 aHeru KurniawanePengarang0 aWhenyeIlustrator aJIPUBAY